ARRUPE JESUIT UNIVERSITY

CORONAVIRUS -STOP THE SPREAD - CLEAN,DISINFECT,COVER

Pori tupu. (Record no. 120714)

MARC details
000 -LEADER
fixed length control field 00706cam a22002411 4500
001 - CONTROL NUMBER
control field 8395092
003 - CONTROL NUMBER IDENTIFIER
control field ARRUPE
005 - DATE AND TIME OF LATEST TRANSACTION
control field 20140611170631.0
008 - FIXED-LENGTH DATA ELEMENTS--GENERAL INFORMATION
fixed length control field 790227s1954 enka 000 0 eng
010 ## - LIBRARY OF CONGRESS CONTROL NUMBER
LC control number 55029597
015 ## - NATIONAL BIBLIOGRAPHY NUMBER
National bibliography number GB54-13659
035 ## - SYSTEM CONTROL NUMBER
System control number (OCoLC)4694629
040 ## - CATALOGING SOURCE
Original cataloging agency DLC
Transcribing agency FTaSU
Modifying agency FTaSU
-- Uk
-- DLC
050 00 - LIBRARY OF CONGRESS CALL NUMBER
Classification number SK35
Item number .K613 1954
082 00 - DEWEY DECIMAL CLASSIFICATION NUMBER
Classification number 799.29678
300 ## - PHYSICAL DESCRIPTION
Other physical details illus.
Dimensions 23 cm.
100 1# - MAIN ENTRY--PERSONAL NAME
Personal name Koenig, Oskar,
Dates associated with a name 1896-
9 (RLIN) 10851
245 10 - TITLE STATEMENT
Title Pori tupu.
Statement of responsibility, etc Translated from the German by the author and Oliver Coburn.
260 ## - PUBLICATION, DISTRIBUTION, ETC. (IMPRINT)
Place of publication, distribution, etc London,
Name of publisher, distributor, etc M. Joseph
Date of publication, distribution, etc [1954]
300 ## - PHYSICAL DESCRIPTION
Extent 236 p.
650 #0 - SUBJECT ADDED ENTRY--TOPICAL TERM
Topical term or geographic name as entry element Hunting
Geographic subdivision Tanzania.
9 (RLIN) 10852
906 ## - LOCAL DATA ELEMENT F, LDF (RLIN)
a 7
b cbc
c oclcrpl
d u
e ncip
f 19
g y-gencatlg
942 ## - ADDED ENTRY ELEMENTS (KOHA)
Source of classification or shelving scheme Library of Congress Classification
Koha item type SPC
Holdings
Withdrawn status Lost status Source of classification or shelving scheme Damaged status Not for loan Collection code Home library Current library Shelving location Date acquired Total Checkouts Full call number Barcode Date last seen Price effective from Koha item type
    Library of Congress Classification     SPECIAL Collection ARRUPE LIBRARY ARRUPE LIBRARY Main Collection 11/06/2014   SPC SK35 .K613 1954 46500000570 11/06/2014 11/06/2014 SPC

 

Arrupe Library. PO Box MP320 Mt Pleasant, Harare, Zimbabwe
263 242 745411|librarian@aju.ac.zw